000 00706nam a22002777a 4500
001 BR9802459
003 BR-BrBNA
005 20230928095922.0
007 ta
008 230509b bl.||||| |||| 00| 0 por d
040 _aBR-BrBNA
_bpor
_cBiblioteca Nacional de Agricultura
041 _a(Por)
072 _aE20
090 _ E20 BR9802459
100 1 _aCastanheira, M.A.S.
245 1 _aSeguro global agribusiness; cobertura agregada; apolice "All Risks"
260 3 _a[np.]:
_c[nd].
300 _a92 p.
500 _a21 ref.
650 _aSeguro
650 _aSeguro Rural
650 _aIndustria Agricola
650 _aCooperativa
909 _a202309
_bLucia
_c55
_dLucia Elande
942 _cBK
999 _c59403
_d59403